Caricamento...

Samakaleen hindi kavitha mein bazareekaran

Dettagli Bibliografici
Autore principale: Mridula P M
Natura: Electronic Thesis
Lingua:English
Soggetti:
Accesso online:http://hdl.handle.net/10603/208657
LEADER 00486nam a2200169Ia 4500
001 210666
008 190202t ii ||||fom||| 00| 0 eng d
100 |a Mridula P M 
245 |a Samakaleen hindi kavitha mein bazareekaran 
502 |a Thesis (Ph. D.) -- Department of Hindi, University of Calicut, 
546 |a Hindi 
653 |a Hindi poetry 
653 |a Hindi poetry 
796 |a Pramod Kovvaprath 
856 |u http://hdl.handle.net/10603/208657 
952 |a ON  |c ETD  |y ETD 
999 |c etd210666